| 000 | 01084nas a2200361 4500 | ||
|---|---|---|---|
| 001 | BR0603651 | ||
| 003 | BR-BrBNA | ||
| 005 | 20231205110243.0 | ||
| 007 | ta | ||
| 008 | 230509b bl.|||p| |||| 00| 00por d | ||
| 040 |
_aBR-BrBNA _bpor _cBiblioteca Nacional de Agricultura |
||
| 041 | _a(Pt) | ||
| 072 | _aF60 | ||
| 100 | 1 | _aLopes, M.J.C. | |
| 100 | 1 | _aSouza, I.R.P. de | |
| 100 | 1 | _aMagalhães, P.C. | |
| 100 | 1 | _aGama, E.E.G. e | |
| 100 | 1 | _aAlves, J.D. | |
| 100 | 1 | _aMagalhães, M.M. | |
| 245 | 1 | _aOxidação protéica e peroxidação lipídica em plantas de diferentes ciclos de seleção do milho 'Saracura', sob encharcamento contínuo | |
| 650 | _aMILHO | ||
| 650 | _aOXIDAÇÃO | ||
| 650 | _aPROTEÍNA | ||
| 650 | _aPEROXIDASE | ||
| 650 | _aPLÂNTULA | ||
| 650 | _aVARIEDADE | ||
| 650 | _aDEFICIÊNCIA MINERAL | ||
| 650 | _aUMIDADE | ||
| 650 | _aSTRESS | ||
| 773 | 0 |
_tRevista Brasileira de Milho e Sorgo (Brazil) _xISSN 1676-689X _g(Sep-Dec 2005), v. 4(3) p. 362-372 _wBR0603651 |
|
| 909 |
_a202311 _bLúcia _c55 _dLúcia Elande |
||
| 942 |
_2AGRIS _n0 _cANA |
||
| 999 |
_c186696 _d186696 |
||